[Event "AUS Masters GM"]
[Site "Melbourne AUS"]
[Date "2013.12.19"]
[Round "6.2"]
[White "Tu, Hoang Thong"]
[Black "Li, Zuhao Luke"]
[Result "1-0"]
[WhiteTitle "GM"]
[BlackTitle "FM"]
[WhiteElo "2414"]
[BlackElo "2349"]
[WhiteFideId "12400076"]
[BlackFideId "4303431"]
[EventDate "2013.12.14"]
[EventType "tourn"]

1. f4 d5 2. Nf3 Nf6 3. g3 Bg4 4. Bg2 Nbd7 5. d3 c6 6. O-O Qb6+ 7. Kh1 Bxf3 8.
Bxf3 e5 9. e4 dxe4 10. dxe4 Rd8 11. Qe2 Bc5 12. f5 h6 13. Nc3 Be7 14. Rb1 a5 15.
Kg2 Qc7 16. a4 Bb4 17. Nd1 Nb6 18. b3 Rd7 19. h4 Qd8 20. Nf2 Bc3 21. Nd3 Bd4 22.
Ba3 c5 23. Rfd1 Qc7 24. c3 Bxc3 25. Rbc1 Bd4 26. Nxc5 Bxc5 27. Rxc5 Qb8 28. Rxa5
Rxd1 29. Qxd1 Nfd7 30. Rb5 Qc7 31. a5 Nc8 32. Qd5 b6 33. a6 Ne7 34. Qb7 Qxb7 35.
axb7 Nc6 36. Bd6 h5 37. Rd5 f6 38. Be2 Ndb8 39. Bc4 Rh6 40. Bb5 1-0

[Event "AUS Masters GM"]
[Site "Melbourne AUS"]
[Date "2013.12.19"]
[Round "6.3"]
[White "Solomon, Stephen J."]
[Black "Illingworth, Max"]
[Result "1/2-1/2"]
[WhiteTitle "IM"]
[BlackTitle "IM"]
[WhiteElo "2386"]
[BlackElo "2430"]
[WhiteFideId "3200043"]
[BlackFideId "3205207"]
[EventDate "2013.12.14"]
[EventType "tourn"]

1. e4 e5 2. Nf3 Nc6 3. Bb5 a6 4. Ba4 Nf6 5. O-O Be7 6. Re1 b5 7. Bb3 O-O 8. c3
d5 9. exd5 Nxd5 10. Nxe5 Nxe5 11. Rxe5 c6 12. d3 Bd6 13. Re1 Bf5 14. Nd2 Nf4 15.
Ne4 Nxd3 16. Bg5 Qd7 17. Nxd6 Qxd6 18. Bc2 f6 19. Be3 Rad8 20. Bxd3 Bxd3 21. b4
Qd5 22. Bd4 Bg6 1/2-1/2

[Event "AUS Masters GM"]
[Site "Melbourne AUS"]
[Date "2013.12.19"]
[Round "6.5"]
[White "Papin, Vasily"]
[Black "Miezis, Normunds"]
[Result "1/2-1/2"]
[WhiteTitle "GM"]
[BlackTitle "GM"]
[WhiteElo "2514"]
[BlackElo "2554"]
[WhiteFideId "4143183"]
[BlackFideId "11600136"]
[EventDate "2013.12.14"]
[EventType "tourn"]

1. c4 c5 2. g3 Nc6 3. Bg2 g6 4. Nc3 Bg7 5. Nf3 e5 6. O-O Nge7 7. a3 a5 8. Ne1
O-O 9. Rb1 d6 10. Nc2 a4 11. d3 Ra7 12. Na1 Nd4 13. e3 Ne6 14. Nxa4 d5 15. Nc3
d4 16. Nb5 Ra6 17. b4 dxe3 18. Bxe3 cxb4 19. axb4 Nf5 20. Nc2 h5 21. c5 h4 22.
g4 Nxe3 23. fxe3 Ng5 24. Nd6 Rxd6 25. cxd6 Qxd6 26. Na3 Rd8 27. Nc4 Qe6 28. Rc1
h3 29. Bh1 Bf8 30. b5 Bc5 31. Qe2 b6 32. Bc6 Qxg4+ 33. Qxg4 Bxg4 34. Kf2 f6 35.
Rg1 Bf5 36. Nxe5 Ba3 37. Rcd1 fxe5 38. Rxg5 Be7 39. Rgg1 Bxd3 40. Kg3 Kg7 41.
Kxh3 Rh8+ 42. Kg2 e4 43. h3 Rh5 44. Ra1 Bc5 45. Rge1 Rg5+ 46. Kf2 Bd6 47. Rg1
Rf5+ 48. Kg2 Rf3 49. Ra7+ Kf6 50. Rd7 Ke6 51. Rd1 Rxe3 52. Rxd6+ Kxd6 53. Bxe4
Rxe4 54. Rxd3+ Ke5 55. Rc3 Kf5 56. Rf3+ Kg5 57. Rg3+ Kh5 58. Rb3 g5 59. Kf3 Ra4
60. Kg3 Rc4 61. Rb2 Rc5 62. Rb4 Rc1 63. Rb3 Rc4 64. Rb2 Rc5 65. Rb4 Kg6 66. h4
gxh4+ 67. Kxh4 Kf6 68. Kg3 Ke6 69. Kf3 Kd5 70. Ke3 Rc4 71. Rb1 Kc5 72. Kd3 Rh4
73. Rg1 Kxb5 74. Kc3 Rh3+ 75. Kb2 Ka5 76. Rg5+ b5 77. Rg4 b4 78. Rg8 1/2-1/2

[Event "AUS Masters GM"]
[Site "Melbourne AUS"]
[Date "2013.12.20"]
[Round "7.1"]
[White "Miezis, Normunds"]
[Black "Smirnov, Anton"]
[Result "1/2-1/2"]
[WhiteTitle "GM"]
[BlackTitle "FM"]
[WhiteElo "2554"]
[BlackElo "2318"]
[WhiteFideId "11600136"]
[BlackFideId "3208923"]
[EventDate "2013.12.14"]
[EventType "tourn"]

1. c4 e6 2. e4 d5 3. exd5 exd5 4. d4 Nf6 5. Nf3 Bb4+ 6. Bd2 Bxd2+ 7. Nbxd2 O-O
8. Be2 dxc4 9. Nxc4 Be6 10. O-O Nc6 11. Re1 Re8 12. Rc1 Bd5 13. Nfe5 h6 14. a3
a6 15. h3 Be4 16. Nxc6 Bxc6 17. Ne5 Bd5 18. Bd3 c6 19. Bc2 Qd6 20. Qd3 Kf8 21.
Qg3 Rad8 22. b4 Be6 23. Rcd1 Qd5 24. Qc3 Ra8 25. Rb1 Rad8 26. Rbd1 Ra8 27. Rb1
Rad8 28. Rbd1 1/2-1/2

[Event "AUS Masters GM"]
[Site "Melbourne AUS"]
[Date "2013.12.20"]
[Round "7.4"]
[White "Li, Zuhao Luke"]
[Black "Solomon, Stephen J."]
[Result "1-0"]
[WhiteTitle "FM"]
[BlackTitle "IM"]
[WhiteElo "2349"]
[BlackElo "2386"]
[WhiteFideId "4303431"]
[BlackFideId "3200043"]
[EventDate "2013.12.14"]
[EventType "tourn"]

1. d4 Nf6 2. c4 e6 3. Nc3 Bb4 4. a3 Bxc3+ 5. bxc3 c5 6. f3 d5 7. cxd5 Nxd5 8.
dxc5 O-O 9. e4 Ne7 10. Qxd8 Rxd8 11. Bf4 Nec6 12. Bc7 Rd7 13. Bd6 b6 14. Bb5 a6
15. Ba4 b5 16. Bb3 Na5 17. Ba2 Nbc6 18. Ne2 Nb7 19. O-O-O Nxd6 20. cxd6 Bb7 21.
Rd2 Rc8 22. Rhd1 g5 23. Kb2 Kg7 24. h3 Ne5 25. Nd4 Kf6 26. g3 Ng6 27. Ne2 h5 28.
Rd4 h4 29. gxh4 Nxh4 30. Rf1 e5 31. Rd3 Ng6 32. a4 Rc6 33. Rfd1 bxa4 34. c4 a5
35. Kc3 a3 36. Rd5 Ra6 37. c5 Bxd5 38. Bxd5 Nf8 39. Kc4 Ne6 40. Kb5 Nxc5 41.
Kxc5 Raxd6 42. Ra1 Kg6 43. Rxa3 Rf6 44. Ng3 Rc7+ 45. Kb5 Rc2 46. Nf5 Rh2 47.
Ne7+ Kh5 48. Nc6 Rxh3 49. Nxe5 Kh4 50. Rxa5 Kg3 51. Nxf7 Kf4 52. Ra6 Rxf7 53.
Bxf7 Rxf3 54. Bd5 g4 55. Kc5 Ke5 56. Ra8 Rc3+ 57. Kb4 Rc1 58. Rg8 Kf4 59. Rf8+
Ke5 60. Rf5+ Kd4 61. Rg5 Rb1+ 62. Ka5 Rg1 63. Kb6 g3 64. Kc6 Ke3 65. Kd6 Kf4 66.
Rg8 Re1 67. Rf8+ Ke3 68. e5 Rd1 69. Rf3+ Kd4 70. Rxg3 Ra1 71. Rg4+ Kd3 72. e6 1-0

[Event "AUS Masters GM"]
[Site "Melbourne AUS"]
[Date "2013.12.21"]
[Round "8.1"]
[White "Smirnov, Anton"]
[Black "Tu, Hoang Thong"]
[Result "1/2-1/2"]
[WhiteTitle "FM"]
[BlackTitle "GM"]
[WhiteElo "2318"]
[BlackElo "2414"]
[WhiteFideId "3208923"]
[BlackFideId "12400076"]
[EventDate "2013.12.14"]
[EventType "tourn"]

1. e4 e5 2. Nf3 Nc6 3. Bb5 a6 4. Ba4 Nf6 5. O-O Nxe4 6. d4 b5 7. Bb3 d5 8. dxe5
Be6 9. Nbd2 Be7 10. c3 Nc5 11. Bc2 Bg4 12. Re1 Qd7 13. h3 Bh5 14. Nb3 Ne6 15.
Bf5 O-O 16. Qd3 Bg6 17. Nfd4 Rfe8 18. Qg3 Bxf5 19. Nxf5 Bf8 20. Bd2 a5 21. Rad1
a4 22. Nbd4 Nexd4 23. Nxd4 Na5 24. Bc1 c5 25. Ne2 Nc6 26. Nf4 Rxe5 27. Rxe5 Nxe5
28. Nxd5 Qf5 29. Qf4 Qh5 30. Ne3 Re8 31. Qf5 Qxf5 32. Nxf5 g6 33. Ne3 c4 34. Nd5
Rc8 35. Be3 Nd3 36. Rd2 f5 37. Nf4 Nxf4 38. Bxf4 b4 39. cxb4 Bxb4 40. Rc2 Kf7
41. a3 Be7 42. Be5 Bf6 43. Bxf6 Kxf6 44. Kf1 1/2-1/2

[Event "AUS Masters GM"]
[Site "Melbourne AUS"]
[Date "2013.12.21"]
[Round "8.2"]
[White "Solomon, Stephen J."]
[Black "Johansen, Darryl K."]
[Result "1/2-1/2"]
[WhiteTitle "IM"]
[BlackTitle "GM"]
[WhiteElo "2386"]
[BlackElo "2409"]
[WhiteFideId "3200043"]
[BlackFideId "3200035"]
[EventDate "2013.12.14"]
[EventType "tourn"]

1. d4 Nf6 2. c4 c5 3. d5 g6 4. Nc3 d6 5. g3 Bg7 6. Bg2 O-O 7. Nf3 Na6 8. O-O Nc7
9. e4 Rb8 10. a4 b6 11. Re1 Bg4 12. h3 Bxf3 13. Qxf3 a6 14. Bf1 e6 15. Bg5 h6
16. Bd2 Nd7 17. h4 Ne5 18. Qd1 exd5 19. exd5 f5 20. Kg2 Qf6 21. Qc1 Nf7 22. Be2
Rfe8 23. Ra3 Kh7 24. Rb3 Ne5 25. Bf4 Qf7 26. Qd2 Qd7 27. Ra3 Re7 28. Raa1 Rbe8 1/2-1/2

[Event "AUS Masters GM"]
[Site "Melbourne AUS"]
[Date "2013.12.21"]
[Round "8.3"]
[White "Morris, James"]
[Black "Li, Zuhao Luke"]
[Result "1-0"]
[WhiteTitle "IM"]
[BlackTitle "FM"]
[WhiteElo "2398"]
[BlackElo "2349"]
[WhiteFideId "3205800"]
[BlackFideId "4303431"]
[EventDate "2013.12.14"]
[EventType "tourn"]

1. e4 e5 2. Nf3 Nc6 3. Nc3 Nf6 4. g3 d5 5. exd5 Nxd5 6. Bg2 Nxc3 7. bxc3 Be7 8.
O-O O-O 9. Re1 Bf6 10. Rb1 Rb8 11. d3 Be6 12. c4 Qd7 13. Bb2 b5 14. Nd2 bxc4 15.
Nxc4 Bxc4 16. dxc4 Qxd1 17. Rexd1 Nb4 18. Ba3 c5 19. Rd7 a5 20. c3 Nxa2 21. Rxb8
Rxb8 22. Bd5 Nxc3 23. Bxf7+ Kh8 24. Bxc5 Rc8 25. Ra7 g6 26. Rxa5 Bd8 27. Bd6 Kg7
28. Ra7 Kf6 29. Bg8 Bb6 30. Rf7+ Kg5 31. Be7+ Kg4 32. h3+ 1-0

[Event "AUS Masters GM"]
[Site "Melbourne AUS"]
[Date "2013.12.21"]
[Round "8.4"]
[White "Papin, Vasily"]
[Black "Illingworth, Max"]
[Result "1-0"]
[WhiteTitle "GM"]
[BlackTitle "IM"]
[WhiteElo "2514"]
[BlackElo "2430"]
[WhiteFideId "4143183"]
[BlackFideId "3205207"]
[EventDate "2013.12.14"]
[EventType "tourn"]

1. c4 Nf6 2. Nc3 e5 3. Nf3 Nc6 4. g3 e4 5. Ng5 Ng4 6. Nh3 f5 7. d3 exd3 8. Qxd3
Nge5 9. Qe3 b6 10. Bg2 Bc5 11. Qf4 O-O 12. O-O a5 13. b3 Kh8 14. Bb2 d6 15. Na4
Bd7 16. Qd2 Qe7 17. e3 Ra7 18. Nf4 Qf7 19. Nd5 Nd8 20. Nxc5 bxc5 21. Nxc7 Bc6
22. Nd5 a4 23. f4 Nd7 24. e4 fxe4 25. Bxe4 axb3 26. axb3 Rb7 27. Qd3 Nb6 28. f5
Nxd5 29. Bxd5 Bxd5 30. cxd5 Kg8 31. f6 g6 32. Rae1 Re8 33. Qc3 Kf8 34. Re7 Qxd5
35. Qe3 1-0

[Event "AUS Masters GM"]
[Site "Melbourne AUS"]
[Date "2013.12.21"]
[Round "8.5"]
[White "Miezis, Normunds"]
[Black "Cheng, Bobby"]
[Result "0-1"]
[WhiteTitle "GM"]
[BlackTitle "IM"]
[WhiteElo "2554"]
[BlackElo "2440"]
[WhiteFideId "11600136"]
[BlackFideId "4300033"]
[EventDate "2013.12.14"]
[EventType "tourn"]

1. c4 b6 2. Nc3 Bb7 3. e4 e5 4. Nf3 Nc6 5. g3 Bc5 6. Bg2 d6 7. O-O Nge7 8. d3
O-O 9. a3 a5 10. Rb1 Qd7 11. Nh4 h6 12. Kh1 g5 13. Qh5 gxh4 14. Bxh6 Qe6 15. Nd5
Qg6 16. Qxh4 f6 17. Bh3 Rf7 18. Be6 Nxd5 19. cxd5 Nd4 20. f4 f5 21. Bxf7+ Kxf7
22. Bg5 Kg7 23. Bd8 fxe4 24. Qe7+ Kg8 25. fxe5 Nf5 26. Qg5 Qxg5 27. Bxg5 exd3
28. Kg2 Ne3+ 29. Bxe3 Bxd5+ 30. Kh3 Bxe3 31. exd6 cxd6 32. Rf6 Rd8 33. Rbf1 d2
34. g4 Bb3 35. R6f3 Re8 0-1

[Event "AUS Masters GM"]
[Site "Melbourne AUS"]
[Date "2013.12.22"]
[Round "9.2"]
[White "Illingworth, Max"]
[Black "Miezis, Normunds"]
[Result "1-0"]
[WhiteTitle "IM"]
[BlackTitle "GM"]
[WhiteElo "2430"]
[BlackElo "2554"]
[WhiteFideId "3205207"]
[BlackFideId "11600136"]
[EventDate "2013.12.14"]

1. e4 c5 2. Nf3 e6 3. d4 cxd4 4. Nxd4 a6 5. Bd3 Nc6 6. Nxc6 dxc6 7. O-O e5 8.
Nd2 Be6 9. Qf3 Bd6 10. Qg3 g6 11. Nc4 Bc7 12. a4 f6 13. Qf3 b5 14. Ne3 Kf7 15.
Rd1 Qc8 16. axb5 axb5 17. Rxa8 Qxa8 18. c4 b4 19. c5 Qc8 20. Bd2 b3 21. h3 h5
22. Bc4 Kg7 23. Ra1 Ne7 24. Ra7 Bxc4 25. Nxc4 Qb8 26. Ra3 Rd8 27. Rxb3 Qa7 28.
Qe3 Rd4 29. Nd6 Qa8 30. Qh6+ Kg8 31. Rg3 Bxd6 32. cxd6 Rxd6 33. Bb4 Qd8 34. Bxd6
Qxd6 35. Qxh5 Kg7 36. Qe2 c5 37. Rd3 Qc6 38. Qd2 Kf7 39. Rd7 Ke8 40. Rd8+ Kf7
41. Qd6 1-0

[Event "AUS Masters GM"]
[Site "Melbourne AUS"]
[Date "2013.12.22"]
[Round "9.3"]
[White "Li, Zuhao Luke"]
[Black "Papin, Vasily"]
[Result "1/2-1/2"]
[WhiteTitle "FM"]
[BlackTitle "GM"]
[WhiteElo "2349"]
[BlackElo "2514"]
[WhiteFideId "4303431"]
[BlackFideId "4143183"]
[EventDate "2013.12.14"]

1. d4 d5 2. c4 e6 3. Nc3 a6 4. cxd5 exd5 5. Nf3 c6 6. Qc2 Bd6 7. Bg5 Ne7 8. e3
f6 9. Bh4 Bf5 10. Bd3 Bxd3 11. Qxd3 Nd7 12. O-O O-O 13. e4 dxe4 14. Nxe4 Nb6 15.
Qb3+ Ned5 16. Nc5 Qc8 17. Rfe1 Kh8 18. Bg3 Bxg3 1/2-1/2

[Event "AUS Masters GM"]
[Site "Melbourne AUS"]
[Date "2013.12.22"]
[Round "9.5"]
[White "Tu, Hoang Thong"]
[Black "Solomon, Stephen J."]
[Result "1-0"]
[WhiteTitle "GM"]
[BlackTitle "IM"]
[WhiteElo "2414"]
[BlackElo "2386"]
[WhiteFideId "12400076"]
[BlackFideId "3200043"]
[EventDate "2013.12.14"]

1. d4 Nf6 2. c4 c5 3. d5 e5 4. Nc3 d6 5. e4 Be7 6. h3 Nbd7 7. Bd3 Nf8 8. Nge2
Ng6 9. a3 h5 10. b4 b6 11. h4 Ng4 12. g3 Nxh4 13. gxh4 Bxh4 14. Ng3 Qf6 15. Qe2
g6 16. Nd1 Kf8 17. Ne3 Kg7 18. Nxg4 hxg4 19. Rg1 Bd7 20. Be3 Bg5 21. Nf1 Bf4 22.
O-O-O Rh3 23. Kb1 Rah8 24. Re1 Qg5 25. Qd2 Rh1 26. Ng3 Bxe3 27. fxe3 R8h2 28.
Qc1 Rxg1 29. Rxg1 f5 30. exf5 gxf5 31. Rf1 e4 32. Qc3+ Kg6 33. Nxe4 fxe4 34.
Bxe4+ Kh5 35. Rf7 Rh1+ 36. Ka2 Rh2+ 37. Kb3 Qh6 38. Rxd7 g3 39. Rh7 Qxh7 40.
Bxh7 g2 41. Qg7 1-0